| 000 | 00000nam##2200000za#4500 |
| 001 | 9.671936 |
| 003 | CaOODSP |
| 005 | 20220505163029 |
| 007 | ta |
| 008 | 150407|2010||||xxc||||| f|0| 0 ara|d |
| 020 | |a978-0-662-03333-2 |
| 040 | |aCaOODSP|bfre |
| 041 | |aara |
| 043 | |an-cn--- |
| 086 | 1 |aHP40-38/2009Ar |
| 110 | 2 |aAgence de santé publique du Canada. |
| 245 | 10|aGuide des parents sur la vaccination |
| 260 | |aOttawa - Ontario : |bAgence de santé publique du Canada |cc2010. |
| 300 | |a15p. : |bfigures, photographies ; |c14 cm. |
| 546 | |aTexte en arabe. |
| 563 | |aCouverture souple |
| 590 | |a10-20|b2010-05-21 |
| 691 | 07|aImmunisation|2gcpds |
| 775 | 08|tA parent's guide to immunization |w(CaOODSP)9.652098 |
| 775 | 08|tA parent's guide to immunization |w(CaOODSP)9.671939 |
| 775 | 08|tA parent's guide to immunization |w(CaOODSP)9.672527 |
| 775 | 08|tA parent's guide to immunization |w(CaOODSP)9.672529 |
| 776 | 0#|t[A parent's guide to immunization] |w(CaOODSP)9.675031 |
| 791 | |tA parent's guide to immunization |eeng|w(CaOODSP)9.671935 |